000 00307 a2200121 4500
000 nam a22 7a 4500
005 20260206114644.0
020 _a9789395226837
100 _aJaysingh Neerad
_91114128
245 _aAadhunikta Ke Hashiye Mein Urvashi
260 _bAdwait Prakashan
_c2025
942 _cTEXL
999 _c1678782
_d1678782